| 000 | 01384cam a2200337Ia 4500 | ||
|---|---|---|---|
| 001 | seduction00wallrich | ||
| 003 | CaSfIA | ||
| 005 | 20210119081202.0 | ||
| 007 | cr|||| | ||
| 008 | 940614s1993 nyu 000 1 eng d | ||
| 040 |
_aCCP _cCCP _dOCL _dOCLCQ _dCaSfIA |
||
| 019 | _a30662992 | ||
| 020 | _z0385469071 | ||
| 035 |
_a(OCoLC)30603265 _z(OCoLC)30662992 |
||
| 043 | _an-us--- | ||
| 092 | 0 |
_a813.54 _220 |
|
| 100 | 1 | _aWallace, Marilyn. | |
| 245 | 1 | 4 |
_aThe seduction / _h[electronic resource] _cMarilyn Wallace. |
| 250 | _a[Book club ed.]. | ||
| 260 |
_aNew York : _bDoubleday, _cc1993. |
||
| 300 |
_a209 p. ; _c22 cm. |
||
| 500 | _a"A Perfect crime book." | ||
| 650 | 0 |
_aWomen _xCrimes against _zUnited States _vFiction. |
|
| 650 | 0 |
_aSisters _zUnited States _vFiction. |
|
| 655 | 7 |
_aMystery fiction. _2gsafd |
|
| 856 | 4 | 1 |
_uhttp://www.archive.org/details/seduction00wallrich _zFree eBook from the Internet Archive |
| 856 | 4 | 2 |
_uhttp://www.openlibrary.org/books/OL24219197M _zAdditional information and access via Open Library |
| 942 | _cEB | ||
| 506 | _fНеобхідна авторизація на https://archive.org/ (створення облікового запису безкоштовно) | ||
| 506 | _fНеобхідна авторизація на https://openlibrary.org/ (створення облікового запису безкоштовно) | ||
| 999 |
_c547146 _d547146 |
||